[Event "Candidates sf1"]
[Site "Denver"]
[Date "1971.07.06"]
[Round "1"]
[White "Fischer, Robert James"]
[Black "Larsen, Bent"]
[Result "1-0"]
[WhiteElo "2760"]
[BlackElo "2660"]
[PlyCount "81"]
[EventDate "1971.07.06"]
[EventType "match"]
[EventRounds "6"]
[EventCountry "USA"]
[SourceDate "2006.10.07"]

1. e4 e6 2. d4 d5 3. Nc3 Bb4 4. e5 Ne7 5. a3 Bxc3+ 6. bxc3 c5 7. a4 Nbc6 8. Nf3
Bd7 9. Bd3 $5 {?! Euwe 76} (9. Ba3) (9. Be2) 9... Qc7 (9... c4 $5 10. Be2 Qa5)
(9... Qa5 $5 10. O-O c4 11. Be2 Qxc3 12. Bd2 Qb2 13. Rb1 Qa3 14. Rxb7 $36 {
(Timman 80)}) 10. O-O c4 (10... f6 $5) (10... h6) 11. Be2 f6 12. Re1 $1 (12.
Ba3 $5) 12... Ng6 $6 (12... O-O 13. Ba3 $1 (13. exf6 $5 gxf6 $2 (13... Rxf6 $14
) 14. Bh6 $1 Rf7 15. Nh4 Ng6 16. Bh5 $1) 13... Rf7 14. Bd6) (12... O-O-O $5 13.
Ba3 Nf5 $132 {(Levy, Panov/Estrin, Keres)}) (12... fxe5 13. dxe5 (13. Nxe5 $5)
13... Nxe5 $2 (13... O-O-O 14. Ba3 $14 {(Moles 75)}) (13... O-O $5 14. Ba3) 14.
Nxe5 Qxe5 15. Bh5+) 13. Ba3 $1 $40 (13. Bf1 $5) (13. g3 fxe5 14. dxe5 Ncxe5 15.
Nxe5 Qxe5 16. Bg4 Qxc3 17. Bxe6 O-O-O $13 {(Timman 80)}) (13. exf6 $6) 13...
fxe5 (13... O-O-O) (13... Kf7) 14. dxe5 (14. Ng5 e4 (14... h6 $1 15. Bh5 hxg5
16. Bxg6+ Kd8 $10 17. dxe5 (17. Qd2 exd4 18. Qxg5+ Kc8 19. Bh5 Be8 $1 {
(Moles 75)}) 17... Nxe5 18. Bh5 g4 19. Bxg4 Nxg4 20. Qxg4 Qxh2+ 21. Kf1 Qh1+
22. Ke2 Qh5 {(Moles 75)}) 15. Bg4 Nd8 16. Bh5 Qf4 17. Nxh7 Qh6 (17... Kf7 18.
Nf8) 18. Qg4 Kf7 19. Bxg6+ Qxg6 20. Qxg6+ Kxg6 21. Nf8+ {(Wade/O'Connell)} Rxf8
22. Bxf8 Nf7 23. Bb4 $18 {(Moles 75)}) 14... Ncxe5 15. Nxe5 Nxe5 (15... Qxe5 $6
16. Bxc4 $16 {(Larsen)} (16. Bg4 Qxc3 17. Bxe6 O-O-O 18. Qxd5 Bxe6 19. Qxe6+
Kb8 20. Reb1 $40 {(Moles 75)}) 16... Qxc3 17. Bxd5 (17. Qxd5 Qxa1) 17... O-O-O
18. Re3 $40 {(Levy, Kholmov)} (18. Bb3 {(Timman 80)})) 16. Qd4 $1 (16. f4 $2
Nc6 17. Bg4 O-O-O $17 {(Larsen)} 18. Bxe6 Bxe6 19. Rxe6 Qxf4 {(Moles 75)}) (16.
Bh5+ $5 Ng6 (16... Nf7 $2 17. Qf3 $1) (16... g6 17. Qd4) 17. Qd4 O-O-O $13 {
(Rabar)}) 16... Ng6 (16... O-O-O 17. Qxa7 Nc6 18. Qa8+ (18. Qe3 $16 {
(Timman 80)}) 18... Qb8 19. Qxb8+ Kxb8 20. Bd6+ Ka7 21. f4 $16 {(Levy)}) (16...
Nc6 $2 17. Qxg7 $2 (17. Bh5+ Kd8 18. Qxg7 $18) 17... O-O-O) (16... h5 $5 {
Timman} 17. Bf1 (17. Qh4 $1 {(Timman 80)}) 17... Ng4 18. g3 Nf6 19. Bh3 Kf7 20.
Re3 {(Speelman 82)} (20. Re5 {(Speelman 82)})) 17. Bh5 Kf7 $5 (17... O-O-O 18.
Qxa7 (18. a5 $1 Kb8 (18... a6 19. Bc5 e5 $1 20. Qxd5 Nf4 21. Qxe5 Qxe5 22. Rxe5
Nxh5 23. Rxh5 {(Kholmov)}) 19. Bc5 {(Kholmov)}) 18... b6 19. Qa8+ Qb8 20. Qxb8+
Kxb8 21. a5 $1 $40 {(Timman)} (21. Bd6+ Kb7 22. Reb1 Kc6 {(Kholmov)}) 21... b5
(21... bxa5 22. Bd6+ Kb7 23. Rxa5 Ra8 24. Rc5 Ra7 $16 {(Larsen)} (24... Rhc8 $2
25. Rb1+ Ka6 26. Bc7 Bb5 27. Rcxb5 Rxc7 28. R5b2 Rc5 29. Ra2+ Ra5 30. Rxa5+
Kxa5 31. Ra1+ $18 {(Timman 80)})) (21... Kc7 22. axb6+ Kxb6 23. Bg4 $1 Rhe8 (
23... Ra8 24. Bxe6 Rhe8 25. Reb1+ $1 $16 {(Timman 80)}) 24. Bb4 $1 $16 {
(Timman 80)}) 22. Bc5 $18 {(Horowitz)}) 18. f4 $5 $16 {(eco 81)} (18. Re3 $5
Rhe8 19. Rg3 Bxa4 $13 {(Larsen)}) (18. Re5) 18... Rhe8 $1 (18... Bc6 $2 19. f5
exf5 20. Re7+ Qxe7 21. Bxe7 Kxe7 22. Qxg7+ $18 {(Pachman)}) 19. f5 (19. g4 $143
Kg8 20. f5 exf5 {(Wade/O'Connell)}) 19... exf5 20. Qxd5+ $16 {(eco 74)} Kf6 (
20... Be6 $2 21. Rxe6 $1 Rxe6 22. Qxf5+ Rf6 23. Qd5+ Re6 24. Rf1+) (20... Re6
21. Qxf5+ Rf6 22. Re7+) 21. Bf3 (21. Bd6 Qd8 (21... Qb6+ 22. Bc5 Qc6 23. Qd4+
Kg5 24. Bf3 Qc7) (21... Qc8) (21... Qc6 22. Qd4+ Kf7 (22... Kg5 23. Bf3 Qb6 24.
Bc5 Qc7 25. h4+ Kh6 26. Qd2+ f4 27. Bd6 Qb6+ 28. Kh2 Nxh4 29. Qxf4+ Kg6 (29...
g5 30. Qf6+ Ng6 31. Kg3) 30. Qg3+ Kf7 31. Bd5+ Be6 32. Qf4+) 23. Bf3 Qb6 (23...
Qc8 24. Bd5+ Be6 25. Rxe6 Rxe6 26. Re1) (23... Qa6 24. Bd5+ Be6 25. Rxe6 Rxe6
26. Bxe6+ Kxe6 27. Re1+ Kf7 28. Qd5+ Kf6 29. Re6+) 24. Bd5+ Be6 25. Bc5 Qd8 (
25... Qa6 26. Bxe6+ Rxe6 27. Qd7+) 26. Rxe6 Rxe6 27. Bxe6+ Kxe6 28. Re1+ Kf7
29. Qxc4+ Kf6 30. Qe6+ Kg5 31. Be3+ f4 32. Bxf4+ Kxf4 33. Rf1+ Kg5 34. Rf5+ Kh6
35. Qe3+ Nf4 36. Qxf4+ g5 37. Rf6+ Kg7 38. Qxg5+ Kh8 39. Qe5) 22. g4 (22. Rab1)
) (21. g4 Ne5 (21... Rad8 22. Qd4+ Kg5 (22... Kf7 23. Be7 Rxe7 24. Rxe7+ Kxe7
25. Qxg7+ Kd6 26. Qf6+) 23. Re7 Nxe7 24. Qe3+ f4 25. Bxe7+ Kh6 (25... Rxe7 26.
Qxe7+ Kh6 27. Bf7 g6 (27... Qb6+ 28. Kf1 Qf6 29. Qxf6+ gxf6 30. Rd1) 28. Rd1
Qb6+ 29. Kf1 Qe3 30. Qxe3 fxe3 31. Ke1 (31. Be6 Re8) 31... Kg7 32. Be6 Bxe6 33.
Rxd8) 26. Bxe8 fxe3 27. g5#) (21... Qc6 22. Qd4+ Kg5 (22... Kf7 23. gxf5 Bxf5
24. Rf1) 23. h4+ (23. Bc1+ f4 24. Bxf4+ Nxf4 25. Re5+ Rxe5 26. Qxe5+ Kh6 27.
Qxf4+ g5) 23... Kxh4 24. Bxg6 Qxg6 (24... hxg6 25. Be7+ g5 26. gxf5+ Kh5 27.
Qxg7 Rg8 28. Qh7+ Kg4 29. Rad1 Rh8 30. Rd4+ Kf3 31. Bxg5) 25. Be7+ Rxe7 26.
Rxe7) (21... Qb6+ 22. Bc5 Qc6 23. Qd4+ Kg5 (23... Kf7 24. gxf5 Bxf5 25. Rf1)
24. h4+ Kxh4 25. gxf5+ Kxh5) 22. Bxe8 Rxe8) (21. Bc5 Qc6 (21... Rxe1+) 22. Qxc4
(22. Bd4+ Kg5)) 21... Ne5 (21... Rxe1+ 22. Rxe1 Re8 23. Qd4+ Kf7 24. Rb1 (24.
Rxe8 Kxe8 25. Qxg7 Qb6+ 26. Kf1 Qb1+ 27. Kf2 Qxc2+ 28. Be2 Be6 29. Qxh7 Bf7)
24... b6 25. a5) (21... Be6 22. Qd4+ (22. Qxb7 Qxb7 23. Bxb7 Rab8 24. Rab1)
22... Kf7 23. Rab1 (23. Rxe6 Rxe6 24. Bd5 Nf4 25. Re1 Rd8) 23... Rad8 (23...
Red8 24. Qe3 Bc8 25. Rxb7) 24. Qxa7 Bc8 25. Rxe8 Kxe8 26. Qc5 Qxc5+ 27. Bxc5
Rd7 28. a5) (21... Bc6 22. Qd4+ Kf7 23. Qxc4+ Kf6) 22. Qd4 Kg6 23. Rxe5 (23.
Bd5 Ng4 (23... Bc6) 24. Bd6 Qb6 25. Bc5 Qc7) (23. Bxb7 Qxb7 24. Rxe5 Rxe5 25.
Qxe5 Re8) (23. Kh1 Ng4 24. Bd6 Qb6 25. Bc5 Qc7 26. Bd6) 23... Qxe5 (23... Rxe5
24. Bd6) 24. Qxd7 Rad8 (24... Qxc3 25. Qd6+ Kg5 26. h4+ Kxh4 27. Qf4#) (24...
Qe3+ 25. Kf1 Qxc3 26. Qd6+ Kg5 27. h4+) 25. Qxb7 Qe3+ (25... Qxc3 26. Qc6+ (26.
Qb1 Rd2 (26... Re5 27. Bb2 (27. Bb4 Qd4+ 28. Kh1 c3 29. Ba3 (29. Qb3 Qd1+ 30.
Rxd1 Rxd1+ 31. Bxd1 Re1#) 29... Qd2) 27... Qd4+ 28. Kh1 Rb8) 27. Bb4 Qd4+ (
27... Qe3+ 28. Kh1 c3 29. h3 Qd4 30. Qb3 Re3) 28. Kh1 Rxc2 (28... c3 29. h3 Rb8
) 29. Bc5 (29. Qd1)) (26. Bh5+ Kh6 27. Bc1+ g5) 26... Kg5 27. h4+ (27. Bc1+ f4
(27... Kh4 28. g3+ Kh3 29. Bg2+ Kg4 30. h3+ Kxg3 31. Qc7+ (31. Ra3 Re1+ 32. Bf1
Rxf1+ 33. Kxf1 Rd1+ 34. Ke2 Re1#) 31... Qe5 32. Qxe5+ Rxe5 33. Bg5 Rde8 34. Rf1
Re1) 28. h4+ Kf5 (28... Kxh4 29. Bxf4 (29. Kh2 Qxa1 30. Bxf4 Re1 31. g3#) 29...
Qxa1+ 30. Kh2) 29. g4+ fxg3 30. Kg2 Qd4 (30... Qxa1 31. Bg4+ Ke5 (31... Kxg4
32. Qf3+) 32. Qc5+ (32. Qb5+ Kd6 33. Qb4+ Kd5 34. Ba3 Qe5) 32... Rd5 33. Qe3+
Kd6 (33... Kf6 34. Qxe8) 34. Ba3+ Kc7 35. Qxa7+ Kc6 36. Qa6+ Kc7 37. Qxc4+ Kb8
38. Qxd5 Qxa3 39. Qb5+) 31. Kxg3 Qxa1 32. Bg4+ Ke5 33. Qc5+ Kf6 34. Qf2+ Ke5
35. Qe1+ Kd5) 27... Kxh4 28. Qc7 Qxa1+ (28... Kg5 29. Be7+ Kg6 30. Qg3+ Kf7 31.
Bh5+) 29. Bc1 (29. Kh2 Qe5+ 30. g3+ Kg5 31. Qf7 Rd2+ 32. Kh3 Rxc2) 29... Qe5 (
29... Re1+ 30. Kh2 Qe5+ 31. Qxe5 Rxe5 32. g3#) (29... Qxc1+ 30. Kh2 Kg5 (30...
f4 31. Qxg7 Rg8 32. Qh6#) (30... Qg5 31. g3+ Qxg3+ 32. Qxg3#) 31. Qxg7+ Kf4 32.
Qh6+ Ke5 33. Qxc1) 30. Qxe5 (30. Qxc4+ Qd4+ 31. Kh2 f4 32. Bxf4) 30... Rxe5 31.
Kh2 f4 32. Bxf4 Rg5 33. g3+ Rxg3 34. Bxg3+ Kg5) 26. Kf1 Rd2 (26... Qxc3 27. Bb2
) (26... h6 27. Qc6+ Kh7 (27... Re6 28. Bc5 Qe5 29. Bd4) 28. Qc5 (28. Rb1 Qxc3)
(28. Qxc4 Re5 29. Rb1 (29. Bb4 a5) (29. Qh4 Qxc3) (29. Rc1 Rd2 30. Qh4 g5)
29... Rd2 30. Qh4 Qxc3) 28... Qxc3 (28... Qf4 29. Kg1) 29. Rc1 Re5 30. Qb4 (30.
Bb4 Qb2 31. Ba3 Qxc1+ 32. Bxc1 Rxc5) 30... Qe3 31. Re1 Qf4 32. Rxe5 Qxe5 33.
Bb2 Qxh2 34. Qe7 Qh1+ 35. Kf2 Rd2+ 36. Kg3 f4+ 37. Kg4 h5+ 38. Kg5 Rxg2+ 39.
Bxg2 Qxg2+ 40. Kf5 Qg6+ 41. Ke5) (26... Re6 27. Qc7 Rd2 (27... Qxc3 28. Qg3+
Kf6 29. Qh4+ Kf7 30. Rb1) 28. Qg3+ Kf6 29. Bc1 Qxc3 30. Qh4+ Kf7 (30... g5 31.
Qh6+ Ke7 32. Qxg5+ Kf8 33. Qxd2) 31. Rb1 Rxc2 32. Bh5+ g6 33. Rb7+ Kf8 34. Qd8+
Re8 35. Ba3+ Qxa3 36. Qf6+ Kg8 37. Qg7#) 27. Qc6+ Re6 28. Bc5 (28. Qc5 Rf2+ 29.
Kg1 Rxf3+) 28... Rf2+ (28... Qe5 29. Bd4 (29. Qc8 Re8 30. Qa6+ Re6 31. Qxc4))
29. Kg1 Rxg2+ 30. Kxg2 Qd2+ 31. Kh1 Rxc6 32. Bxc6 Qxc3 (32... a5 33. Rg1+ (33.
Bd4 Kh6 34. Rg1 (34. Rf1 f4 35. h4 (35. Be5 g5 36. h4 Qe2 37. hxg5+ Kg6 38.
Be8+ Kf5) 35... Qxc2 36. Be5 Kh5 37. Bxg7 (37. Rxf4 Qd1+ 38. Kg2 Qe2+)) 34...
g5) 33... Kf7 (33... Kh6 34. Bf8) 34. Bd4 g5 (34... g6 35. Bd5+) 35. Bd5+ Kg6
36. Bxc4 Qxc2) 33. Rg1+ Kf6 34. Bxa7 g5 (34... f4) 35. Bb6 Qxc2 36. a5 Qb2 37.
Bd8+ Ke6 38. a6 Qa3 39. Bb7 Qc5 (39... Qb2 40. Re1+ Kd6) (39... c3 40. Bb6 c2
41. a7 c1=Q 42. Rxc1 Qxc1+ 43. Bg1) 40. Rb1 c3 41. Bb6 (41. Bb6 c2 42. Re1+ Qe5
43. Rxe5+ Kxe5 44. a7 c1=Q+ 45. Bg1) 1-0

[Event "World Championship 28th"]
[Site "Reykjavik"]
[Date "1972.07.18"]
[Round "4"]
[White "Fischer, Robert James"]
[Black "Spassky, Boris V"]
[Result "1/2-1/2"]
[WhiteElo "2785"]
[BlackElo "2660"]
[PlyCount "89"]
[EventDate "1972.07.11"]
[EventType "match"]
[EventRounds "21"]
[EventCountry "ISL"]
[SourceDate "2006.10.07"]

1. e4 c5 2. Nf3 d6 3. d4 cxd4 4. Nxd4 Nf6 5. Nc3 Nc6 6. Bc4 e6 7. Bb3 Be7 8.
Be3 O-O 9. O-O a6 10. f4 (10. a3 $6 Na5 $15 {Timman}) 10... Nxd4 11. Bxd4 b5
12. a3 (12. e5 dxe5 13. fxe5 Nd7 14. Ne4 Bb7 15. Nd6 Bxd6 16. exd6 Qg5 $132 17.
Qe2 (17. Rf2 $1 {Timman}) 17... e5 18. Be3 Qg6 19. Rad1 Kh8 20. c3 Be4 21. Qf2
$17 {Hamann-Gligoric/Skopje ol/1972/}) 12... Bb7 13. Qd3 a5 $1 14. e5 (14. f5
$2 b4 {Purdy}) 14... dxe5 15. fxe5 Nd7 16. Nxb5 (16. Ne4 Bxe4 17. Qxe4 Nc5 18.
Bxc5 Bxc5+ 19. Kh1 Qd4 $1 $15 {Purdy}) (16. Qxb5 $2 Ba6) 16... Nc5 17. Bxc5 (
17. Qe3 Nxb3 18. Qxb3 (18. cxb3 $4 Qd5 $19) 18... a4 19. Qd3 Ba6 (19... Qd5 20.
Rf2 Rac8 {/\ 21... Ba6} 21. Nc3 Qc6 $44 {Timman}) 20. c4 Bxb5 21. cxb5 Bc5 22.
Rad1 Qb6 23. Kh1 Bxd4 24. Qxd4 Qxb5 $17 {>< b2, e5 Purdy}) (17. Qe2 Nxb3 18.
cxb3 Ba6 19. Rad1 Qd5 20. a4 Qxb3 $19 {Timman}) 17... Bxc5+ 18. Kh1 Qg5 (18...
Qxd3 19. cxd3 Ba6 (19... Bc6 20. Rfc1 Bxb5 21. Rxc5 Bxd3 22. Rd1 $14) 20. Nc7
Bxd3 21. Rfc1 $1 $16 Rab8 (21... Be3 22. Rc3 Rad8 23. Rd1) 22. Nxe6 {Timman})
19. Qe2 (19. Qg3 Qxg3 20. hxg3 Ba6 (20... a4 21. Bc4 Ra5 {/\ 22... Ba6} 22. b4
axb3 23. cxb3 Ba6 24. a4 $10 {Timman}) 21. a4 (21. Bc4 Bxb5 22. Bxb5 Bd4 23. c3
Bxe5 $15 {Timman}) 21... Bxb5 22. axb5 Bd4 23. c3 Bxe5 24. g4 Rfd8 25. Rfd1 Bc7
{=/+ Smyslov}) 19... Rad8 {/\ 20... Rd2 Timman} 20. Rad1 Rxd1 21. Rxd1 h5 (
21... Rd8 {Nei} 22. Rxd8+ (22. Nd6 $2 Bxg2+ 23. Qxg2 Qxe5 $19) 22... Qxd8 23.
c3 Qg5 {/\ 24... Bg2} 24. Nd4 Qc1+ 25. Bd1 Bd5 $44 {Nei} 26. Qc2 Qf4 27. Qe2
Bxd4 28. cxd4 Qxd4 $10 {Timman}) (21... Be3 {/\ 22... Bf4, 22... Qe5} 22. Nd6
Bc6 23. Nc4 (23. Rf1 Bf4 24. Qf2 Qg4 $1 {-/+/ -+ /\ Qh3 Olafsson}) 23... Bf4
24. Kg1 a4 25. Ba2 h5 $17) 22. Nd6 $2 (22. Nd4 $1 {Reshevsky} h4 23. Nf3 Qf4
24. h3 $15 {Timman}) 22... Ba8 23. Bc4 (23. Rf1 h4 24. Nxf7 h3 $1 (24... Rxf7
25. Bxe6 h3) 25. Nxg5 hxg2+ 26. Qxg2 Rxf1# {Timman}) 23... h4 (23... Be3 24.
Bd3 Bf4 25. Be4 Qxe5 (25... Qh4 $2 26. g3 Bxg3 27. Bxa8 Rxa8 28. Qg2 $18) 26.
g3 $1 Bxe4+ 27. Qxe4 Qxe4+ 28. Nxe4 Be5 $17 {_|_}) 24. h3 (24. Ne4 Qxe5 25.
Nxc5 Qxc5 26. h3 Rb8 $17 {Purdy} (26... Qf5 $1 27. Kg1 Rc8 {/\ 28... Qc5} 28.
Bb3 (28. Bd3 Qg5 {/\ e5-e4 -/+ Timman}) 28... Be4 $17 {Timman})) (24. Rd3 Bxg2+
25. Qxg2 Qc1+ $19) 24... Be3 {/\ Bf4, Qg3} (24... Qg3 25. Ne4 (25. Rd3 $2 Bxg2+
26. Qxg2 Qe1+ 27. Kh2 Qxe5+ $19) 25... Qxe5 26. Nxc5 Qxc5 {
Vgl. Anmerkung zum 24.Zug von Weiß Cf. Annotation to Whites 24th}) 25. Qg4 Qxe5
(25... Qxg4 26. hxg4 h3 (26... Bf4 27. Be2 $1 (27. Re1 h3 28. Bf1 f6 {-/+/-+})
27... Bxe5 28. Nc4 {/\ 29.Bf3 =}) 27. Bf1 Bf4 28. Nc4 $10) 26. Qxh4 (26. Nxf7
Kxf7 27. Bxe6+ Kf6 $1 (27... Qxe6 $4 28. Rd7+ $18) 28. Rf1+ Ke7 $19 {Timman})
26... g5 $1 (26... Bg5 27. Qd4 (27. Qe1 $10 {Timman}) 27... Qg3 (27... Qxd4 28.
Rxd4 Bf6 {_|_ -/+/-+ Timman}) 28. Ne4 Bxe4 29. Qxe4 Bf4 30. Kg1 $1 {Purdy}) (
26... Qxb2 $1 {Olafsson} 27. Nxf7 (27. Bd3 Bh6) (27. Bb3 $1 {/\ 28.Nf7} g5 $17)
27... Bxg2+ 28. Kh2 Qxc2 29. Qh8+ Kxf7 30. Rd7+ Ke8 31. Rd8+ Kxd8 32. Qxf8+ Kc7
{-/+/-+ Timman}) 27. Qg4 Bc5 $1 (27... Rd8 28. Nxf7 Rxd1+ 29. Qxd1 Qe4 (29...
Qg3 {Byrne} 30. Qd8+ Kxf7 31. Qd7+ Kf6 32. Qd8+ $10) (29... Kxf7 30. Qd7+ $10)
30. Nh6+ Kg7 31. Qf1 $1 {Smyslov}) (27... Kg7 {Smyslov}) (27... Rd8 28. Nxf7
Rxd1+ 29. Qxd1 Kxf7 (29... Qg3 $4 30. Nh6+ Kg7 31. Qd7+ $18 {Donner}) (29...
Qe4 $1 30. Bf1 Kxf7 31. Qd7+ Kf6 32. Qd8+ Ke5 33. Qc7+ $10) 30. Qd7+ $10) 28.
Nb5 (28. b4 axb4 (28... Bxd6 29. Rxd6 Qxd6 30. Qxg5+ $10) 29. axb4 Bxb4 30. Be2
{/\ Nc4, Bf3 =/+ Timman}) 28... Kg7 {/\ Rf8-Rh8-Rh4-+} 29. Nd4 Rh8 $6 (29...
Bd6 30. Nf5+ $1 {Purdy}) (29... Rd8 30. c3 (30. Nxe6+ $2 fxe6 31. Rxd8 Qe1+ $19
) (30. Nf5+ $2 Kf6 $1 $19) 30... Rh8 (30... Bd6 31. Kg1 Qe3+ 32. Kh1 (32. Kf1
Bg3 33. Qe2 Qf4+ 34. Kg1 Bh2+ 35. Kh1 Rh8 {/\ 36... Rh3} 36. Nxe6+ $1 {Timman}
(36. Nf3 Rxh3 $1 37. Rd4 $8 Qg3 $19 {
/\ 38... Bf3 39.Qf3 Bg1 40.Kg1(gh Qg1#) Qh2 -+} 38. Rd3 g4 39. Ne1 (39. Ng5 $2
Bxg2+ $1) 39... Qh4 40. Bd5 Bxd5 41. Rxd5 Bf4+ 42. gxh3 Qxh3+ 43. Kg1 Be3+ $19
{Purdy}) (36. Rf1 Rxh3 $3 37. Rxf4 Bxf4+ 38. Kg1 Be3+ $18 {Purdy}) (36. Qf1
Rxh3 37. Qxf4 Bxf4+ 38. Kg1 Be3+ 39. Kf1 Rh1+ 40. Ke2 Rxd1 41. Kxd1 Bxg2 $19 {
Purdy}) 36... fxe6 37. Rd7+ $10 {Timman}) 32... Rh8 33. Bxe6 $1 $10 (33. Nf3
Bf4 $1 {/\ 34...f5} 34. Ng1 (34. Re1 Bxf3) (34. Rd7 Kg6 {/\ 35... f5 -+ Timman}
) 34... f5 35. Rd7+ Kg6 36. Qe2 Rxh3+ 37. Nxh3 Qxh3+ 38. Kg1 Be3+ $19 {
Purdy+Amateur})) (30... Qe3 $1 {Donner /\ 31... Rh8} 31. Kh2 (31. Rd3 Qe1+ 32.
Kh2 Bd6+ 33. Rg3 $19) (31. Be2 {/\ 32.Bf3 =} Bxd4 32. Rxd4 f5 $1 33. Qh5 Rxd4
34. cxd4 g4 35. hxg4 Qxe2 36. Qg5+ Kf7 37. gxf5 {-/+/=}) 31... Bd6+ 32. Kh1 Rh8
{-/+/-+ Timman}) 31. Bd3 $1 {Haag} (31. Nf3 $2 Bxf3 32. gxf3 (32. Qxf3 Bd6 33.
Kg1 Rh4 {/\ 34... Rc4, /\ 34... Qh2 31.Kf1 Rf4 Gligoric}) 32... Rh4 $19) (31.
Rf1 {Smyslov} Rh4 32. Nf5+ Qxf5 33. Rxf5 Rxg4 34. Rxc5 Rxg2 35. Bd5 (35. Rxa5
Bf3 {/\ Rg4} 36. b3 $1 (36. Bf1 Rxb2+ 37. Kg1 f5 $19) 36... Kg6 {/\ Kh5-g3} 37.
Ra8 (37. Ra7 f6 $1) 37... Kf5 $19 {Timman}) 35... Bxd5 36. Rxd5 {= Prins} exd5
37. Kxg2 a4 $19 {Timman}) (31. Bxe6 $1 fxe6 (31... Bxd4 32. cxd4 $1 Qxe6 33.
Qxg5+ {Ein möglicher Gewinn von Schwarz ist sehr problematisch. Timman A win
of Black is quite problematic. Timman} Qg6 34. Qe5+ Kh7 {-/+/-+ Olafsson} (
34... f6 35. Qc7+ Kh6 36. Qf4+ Qg5 37. Qf3 {-/+/-+ Nei})) 32. Nxe6+ Kf6 33.
Nxc5 Qxc5 34. Rf1+ $10 {Timman}) 31... Kg8 $1 (31... Rh4 $2 32. Nf5+ $1) (31...
Kf8 32. Nf3 $1 $10 {Purdy} (32. Rf1 $2 {Nei, -> Timman} Bxd4 33. cxd4 (33. Qxd4
Rxh3+) 33... Qe3 $1 $19 {Purdy})) (31... Bb6 $17 {Nei} 32. Nf3 $10 {Purdy}) 32.
Nf3 Bxf3 33. gxf3 (33. Qxf3 Rh4) 33... Rh4 34. Qg2 Qe3 35. Kh2 g4 $1 {
-/+/-+ Timman}) 30. Nf3 Bxf3 (30... Qf4 31. Qxg5+ (31. Qxf4 gxf4 $17 {^^})
31... Qxg5 32. Nxg5 Be3 (32... Kg6 33. Re1 $1 $10 {Donner} Kxg5 (33... f6 34.
Ne4 $10) 34. Re5+) (32... Rh5 33. Nxe6+ fxe6 34. Bxe6 $146) (32... Kf6 33. Re1
$10 {Siehe Variante a)}) 33. Nxe6+ $1 fxe6 34. Bxe6 {~/= Timman}) 31. Qxf3 Bd6
$2 $10 {Timman} (31... Rh4 32. Rf1 Rf4 33. Qe2 Rxf1+ (33... Re4 34. Qh5) 34.
Qxf1 Bd6 35. Kg1 (35. Qg1 $19) 35... Qh2+ 36. Kf2 Bc5+ 37. Ke1 Qe5+ 38. Qe2
Qxb2 39. a4 $2 Qc1+ 40. Qd1 Bf2+ 41. Ke2 Qe3+ 42. Kf1 Bg3 43. Qe2 Qc1+ 44. Qe1
Qxe1# {Timman}) 32. Qc3 $1 Qxc3 33. bxc3 $10 Be5 34. Rd7 Kf6 35. Kg1 Bxc3 36.
Be2 Be5 37. Kf1 Rc8 38. Bh5 Rc7 39. Rxc7 Bxc7 40. a4 Ke7 41. Ke2 f5 42. Kd3 Be5
43. c4 Kd6 44. Bf7 Bg3 45. c5+ 1/2-1/2